000 00350 a2200169 4500
001 184066
020 _a85-02-04337-4
040 _cMagnum
100 _aVieira, Janaina
240 1 0 _aO blog da marina
_lpor
245 1 0 _aO blog da marina
300 _a67
362 0 _a2003
440 1 _aSaraiva
697 _aLITERATURA JUVENIL
942 _cBK
999 _c184066
_d184066